| Tag |
First Indicator |
Second Indicator |
Subfields |
| LEADER |
00000nam a2200000 i 4500 |
| 001 |
in00004563321 |
| 006 |
m||||||||d|||||||| |
| 007 |
cr ||||||||||| |
| 008 |
170206s2016 enka fob 001|0|eng|d |
| 005 |
20241017192235.9 |
| 020 |
|
|
|a 9780727760623 (ebook) :
|c No price
|
| 035 |
|
|
|a (StDuBDS)EDZ0001633805
|
| 040 |
|
|
|a StDuBDS
|b eng
|c StDuBDS
|e rda
|e pn
|
| 050 |
|
4 |
|a TA190
|
| 082 |
0 |
4 |
|a 624.0685
|2 23
|
| 100 |
1 |
|
|a Parlikad, Ajith,
|e author.
|
| 245 |
1 |
0 |
|a Whole-life value based decision making in asset management /
|c Ajith Parlikad and Rengarajan Srinivasan.
|
| 264 |
|
1 |
|a London :
|b ICE Publishing,
|c 2016.
|
| 300 |
|
|
|a 1 online resource :
|b illustrations (black and white)
|
| 336 |
|
|
|a text
|b txt
|2 rdacontent
|
| 337 |
|
|
|a computer
|b c
|2 rdamedia
|
| 338 |
|
|
|a online resource
|b cr
|2 rdacarrier
|
| 500 |
|
|
|a Previously issued in print: 2016.
|
| 504 |
|
|
|a Includes bibliographical references and index.
|
| 520 |
8 |
|
|a 'Whole-Life Value Based Decision Making in Asset Management' is a comprehensive guide to improving the effectiveness of infrastructure asset management by determining the level of expenditure on infrastructure assets in order to maximise lifecycle value.
|
| 521 |
|
|
|a Specialized.
|
| 588 |
|
|
|a Description based on online resource; title from home page (viewed on February 8, 2017).
|
| 650 |
|
0 |
|a Infrastructure (Economics)
|x Management.
|
| 650 |
|
0 |
|a Civil engineering.
|
| 650 |
|
0 |
|a Asset-liability management.
|
| 655 |
|
7 |
|a Electronic books.
|2 local
|
| 700 |
1 |
|
|a Srinivasan, Rengarajan,
|e author.
|
| 776 |
0 |
8 |
|i Print version :
|z 9780727760616
|
| 856 |
4 |
0 |
|u http://proxy.library.tamu.edu/login?url=https://www.icevirtuallibrary.com/doi/book/10.1680/wlvbdmam.60616
|z Connect to the full text of this electronic book
|t 0
|
| 955 |
|
|
|a Institution of Civil Engineers (ICE) 2021 Complete eBook Collection.
|
| 999 |
f |
f |
|s ef7ab672-ac71-4c99-8fed-a25ee859284c
|i ef7ab672-ac71-4c99-8fed-a25ee859284c
|t 0
|
| 952 |
f |
f |
|a Texas A&M University
|b College Station
|c Electronic Resources
|d Available Online
|t 0
|e TA190
|h Library of Congress classification
|
| 998 |
f |
f |
|a TA190
|t 0
|l Available Online
|